| 000 | 01164cam a2200301 a 4500 | ||
|---|---|---|---|
| 001 | 12087049 | ||
| 003 | OSt | ||
| 005 | 20150917144909.0 | ||
| 008 | 000630s2001 nyu 001 0 eng | ||
| 010 | _a 00058188 | ||
| 020 | _a0060670991 | ||
| 020 | _a0060671025 (pbk.) | ||
| 040 |
_aDLC _cDLC _dDLC |
||
| 050 | 0 | 0 |
_aBL240.2 _b.S635 2001 |
| 082 | 0 | 0 |
_a200 _221 |
| 100 | 1 | _aSmith, Huston. | |
| 245 | 1 | 0 |
_aWhy religion matters : _bthe fate of the human spirit in an age of disbelief / _cHuston Smith. |
| 250 | _a1st ed. | ||
| 260 |
_aNew York, N.Y. : _bHarperCollins, _cc2001. |
||
| 300 |
_axiv, 290 p. ; _c22 cm. |
||
| 500 | _aIncludes index. | ||
| 650 | 0 | _aReligion and science. | |
| 856 | 4 | 2 |
_3Publisher description _uhttp://www.loc.gov/catdir/description/hc043/00058188.html |
| 856 | 4 | 2 |
_3Contributor biographical information _uhttp://www.loc.gov/catdir/enhancements/fy1308/00058188-b.html |
| 906 |
_a7 _bcbc _corignew _d1 _eocip _f20 _gy-gencatlg |
||
| 942 |
_2lcc _cBK |
||
| 999 |
_c130 _d130 |
||